[Event "ch-Arab"]
[Site "Dubai UAE"]
[Date "2004.08.10"]
[Round "8"]
[White "Hassan,Ab"]
[Black "Tissir,M"]
[Result "1-0"]
[WhiteElo "2324"]
[BlackElo "2416"]

1.d4 d5 2.Nf3 Nf6 3.c4 c6 4.Nc3 e6 5.e3 Nbd7 6.Bd3 dxc4 7.Bxc4 b5 8.Bd3 Bb7
9.O-O b4 10.Ne4 c5 11.Nxf6+ gxf6 12.dxc5 Bxc5 13.e4 Qb6 14.Qe2 Rc8 15.Bh6 a6
16.a4 Qa5 17.Nd2 Be7 18.Nb3 Qe5 19.Bxa6 Bxa6 20.Qxa6 Rd8 21.Qe2 f5 22.Rfe1 Rg8
23.Rad1 fxe4 24.Nd4 Qf6 25.Nc6 Qxh6 26.Nxd8 Qg5 27.Qxe4 Bxd8 28.Qc6 Qe7 29.Re2 Rg5
30.Red2 Rd5 31.Rxd5 exd5 32.Kf1 Kf8 33.Qxd5 Bc7 34.Qxd7 Qe5 35.Qc8+  1-0

[Event "ch-GBR"]
[Site "Scarborough ENG"]
[Date "2004.08.11"]
[Round "9"]
[White "Palliser,R"]
[Black "Houska,Jo"]
[Result "1-0"]
[WhiteElo "2411"]
[BlackElo "2375"]

1.d4 d5 2.c4 c6 3.Nc3 Nf6 4.e3 e6 5.Nf3 Nbd7 6.Bd3 dxc4 7.Bxc4 b5 8.Bd3 Bb7
9.O-O a6 10.e4 c5 11.d5 Qc7 12.dxe6 fxe6 13.Bc2 Bd6 14.Ng5 Nf8 15.f4 h6 16.e5 O-O-O
17.exd6 Rxd6 18.Qe2 hxg5 19.a4 b4 20.Ne4 Nxe4 21.Bxe4 Rd4 22.Bxb7+ Kxb7 23.Be3 Rd5
24.Rad1 Ng6 25.Qg4 Rxd1 26.Rxd1 Nxf4 27.h3 Rd8 28.Rxd8 Qxd8 29.Bxc5 Qd5 30.Be7 b3
31.Bxg5 Nd3 32.Be3 g5 33.Qe2 Qe4 34.Qd2 Nxb2 35.Qd7+ Kb8 36.Qd8+ Kb7 37.Qd7+ Kb8
38.Qd6+ Kb7 39.Qb6+ Kc8 40.Qxa6+ Kd7 41.Qb5+ Kc8 42.Qe8+ Kc7 43.Qe7+ Kc8
44.Qc5+ Kd7 45.Bxg5 Nd3 46.Qa7+ Kc8 47.Qa6+ Kc7 48.Qa5+ Kb7 49.Qb5+ Kc7 50.a5 Qd4+
51.Kh1 b2 52.a6 Qb6 53.Bd8+  1-0

[Event "US Open"]
[Site "Fort Lauderdale USA"]
[Date "2004.08.13"]
[Round "7"]
[White "Onischuk,Al"]
[Black "Schneider,Dm"]
[Result "1/2-1/2"]
[WhiteElo "2655"]
[BlackElo "2454"]

1.d4 d5 2.c4 e6 3.Nf3 Nf6 4.e3 c6 5.Nc3 Nbd7 6.Qc2 Bd6 7.g4 Bb4 8.Bd2 Qe7
9.Rg1 Bxc3 10.Bxc3 b6 11.cxd5 cxd5 12.Nd2 O-O 13.g5 Ne8 14.O-O-O a5 15.e4 Ba6
16.Bxa6 Rxa6 17.Kb1 Nd6 18.e5 Nf5 19.Qd3 Ra7 20.Nf1 Rc8 21.Ne3 Nxe3 22.fxe3 Nf8
23.h4 Rac7 24.Rc1 Rc4 25.b3 R4c6 26.h5 a4 27.Bd2 Rxc1+ 28.Bxc1 axb3 29.Qxb3 Nd7
30.Qa3 Kf8 31.Qxe7+ Kxe7 32.Rg2 Rc3 33.Bd2 Rc4 34.Be1 g6 35.hxg6 hxg6 36.a3 Nb8
37.Rb2 Rc6 38.Bb4+ Kd7 39.Bd6 Na6 40.Ka2 Kd8 41.a4 Ke8 42.Rh2 Rc8 43.Kb3 Kd7
44.Rh7 Ke8 45.Kb2 Nc7 46.Ka3 Na6 47.Kb3 Rd8 48.Kc3 Rc8+ 49.Kd3 Nc7 50.Rh1 Na6
51.Rb1 Rc6 52.e4 dxe4+ 53.Kxe4 Kd7 54.Kd3 Kd8 55.Rh1 Rc8 56.Rb1 Rc6 57.Ke4 Kd7
58.Rf1 Ke8 59.Rh1 Rc8 60.Rh8+ Kd7 61.Rxc8 Kxc8 62.d5 exd5+ 63.Kxd5 Kd7 64.Ke4 Nc7
65.Bxc7 Kxc7 66.e6 fxe6 67.Ke5 Kd7 68.Kf6 e5 69.Kxe5 Ke7 70.Kd5 Kd7  1/2-1/2

[Event "It A"]
[Site "Montreal CAN"]
[Date "2004.08.13"]
[Round "9"]
[White "Moiseenko,A"]
[Black "Huzman,A"]
[Result "1/2-1/2"]
[WhiteElo "2640"]
[BlackElo "2588"]

1.d4 d5 2.c4 c6 3.Nc3 Nf6 4.e3 e6 5.Nf3 a6 6.b3 Bb4 7.Bd2 Nbd7 8.Bd3 O-O
9.O-O Bd6 10.e4 dxc4 11.bxc4 e5 12.c5 Bc7 13.Be3 Qe7 14.Qc2  1/2-1/2

[Event "HZ Open"]
[Site "Vlissingen NED"]
[Date "2004.08.14"]
[Round "9"]
[White "Konings,F"]
[Black "De Blasio,A"]
[Result "1-0"]
[WhiteElo "2200"]
[BlackElo "2086"]

1.d4 d5 2.Nf3 Nf6 3.c4 e6 4.Nc3 c6 5.e3 Nbd7 6.Bd3 dxc4 7.Bxc4 b5 8.Be2 Bb7
9.O-O b4 10.Na4 c5 11.Ne5 Nxe5 12.dxe5 Qxd1 13.Rxd1 Nd7 14.f4 Rd8 15.b3 Be7
16.Kf2 O-O 17.Bb2 Bc6 18.a3 Bxa4 19.bxa4 a5 20.axb4 cxb4 21.Bc4 Nb6 22.Bb3 Rxd1
23.Rxd1 Rd8 24.Rxd8+ Bxd8 25.e4 Nd7 26.Bd4 Kf8 27.Ke3 Ke7 28.Kd3 Bc7 29.Kc4 g6
30.Kb5 Kd8 31.Bc4 Kc8 32.g4 Kb7 33.h3 Nb8 34.f5 Nc6 35.Bb2 Bxe5 36.fxe6 Bxb2
37.exf7 Na7+ 38.Kxa5 Bg7 39.Kxb4 Bf8+ 40.Kc3 Bg7+ 41.Kd3 Kb6 42.Bd5 Kc5 43.Ke3 g5
44.Ba8 Nc8 45.e5 Nb6 46.Bg2 Nc8 47.Ke4 Ne7 48.Bf1 Bf8 49.a5 Ng6 50.a6 Kb6
51.Kf5 Be7 52.Ke6 Bf8 53.Kd7 Bg7 54.e6 Ne5+ 55.Ke8  1-0

[Event "ch-ESP GpA"]
[Site "Seville ESP"]
[Date "2004.08.15"]
[Round "3"]
[White "Cifuentes Parada,R"]
[Black "Perez Candelario,Man"]
[Result "1/2-1/2"]
[WhiteElo "2543"]
[BlackElo "2498"]

1.d4 d5 2.c4 e6 3.Nf3 Nf6 4.Nc3 c6 5.e3 Nbd7 6.Bd3 dxc4 7.Bxc4 b5 8.Be2 b4
9.Na4 Bb7 10.O-O c5 11.a3 a5 12.dxc5 Bxc5 13.Nxc5 Nxc5 14.axb4 axb4 15.Qxd8+ Rxd8
16.Bb5+ Ke7 17.Bd2 Nd5 18.Nd4 Kf6 19.Ra7 e5 20.Rc1 Rc8 21.Nf3 Rhd8 22.h4 Ne4
23.Rxc8 Bxc8 24.Be1 Be6 25.Bc4 Rc8 26.Bxd5 Bxd5 27.Ra6+ Kf5 28.Ra5 Ke6  1/2-1/2

[Event "RUS-CHN"]
[Site "Moscow RUS"]
[Date "2004.08.16"]
[Round "6"]
[White "Wang Yue"]
[Black "Malakhov,V"]
[Result "0-1"]
[WhiteElo "2525"]
[BlackElo "2674"]

1.d4 d5 2.c4 c6 3.Nc3 Nf6 4.e3 e6 5.Nf3 Nbd7 6.Bd3 Be7 7.O-O O-O 8.e4 dxe4
9.Nxe4 c5 10.Nxc5 Nxc5 11.dxc5 Bxc5 12.Bg5 h6 13.Bh4 Be7 14.Qe2 Nh5 15.Bxe7 Qxe7
16.Rad1 Nf6 17.Be4 Qc7 18.Ne5 Nxe4 19.Qxe4 f6 20.Ng6 Re8 21.Nf4 Bd7 22.Rfe1 Bc6
23.Qe3 Rad8 24.b3 Rxd1 25.Rxd1 Qa5 26.a4 Qg5 27.b4 Bxa4 28.Ra1 Qf5 29.g3 Bd7
30.b5 a6 31.bxa6 bxa6 32.Qd3 Qxd3 33.Nxd3 Rc8 34.Rxa6 Rxc4 35.f4 Rc3 36.Rd6 Bb5
37.Ne1 Kf7 38.Kf2 Bc6 39.Rd3 Rc4 40.Rd2 Be4 41.Ke3 f5 42.Kf2 Rc3 43.Ng2 Rf3+
44.Ke2 g5 45.Rd7+ Ke8 46.Rd2 Ke7 47.Rb2 Kf6 48.Ra2 Rb3 49.Ne3 Rb1 50.Kd2 Rb3
51.Ke2 Rb4 52.Kf2 gxf4 53.gxf4 Bb1 54.Ra6 Rxf4+ 55.Kg3 Rd4 56.Rb6 Be4 57.Kf2 h5
58.Nf1 f4 59.Rb2 Bd5 60.Nd2 Rd3 61.Ke2 Rh3 62.Kf1 Kf5 63.Kg1 Rd3 64.Nf1 e5
65.Kf2 e4 66.Rb5 Ke5 67.Ke2 Rb3 68.Rxb3 Bxb3 69.Nd2 Bd5 70.h4 e3 71.Nb1 Kd4
72.Kf1 f3 73.Na3 Bc4+  0-1

[Event "ch-ESP GpA"]
[Site "Seville ESP"]
[Date "2004.08.16"]
[Round "4"]
[White "Moreno Ruiz,J"]
[Black "Perez Candelario,Man"]
[Result "1/2-1/2"]
[WhiteElo "2463"]
[BlackElo "2498"]

1.d4 d5 2.c4 e6 3.Nc3 c6 4.e3 Nf6 5.Nf3 Nbd7 6.Bd3 dxc4 7.Bxc4 b5 8.Be2 b4
9.Na4 Bb7 10.O-O Be7 11.a3 a5 12.Qc2 O-O 13.Rd1 Qb8 14.axb4 axb4 15.Bd2 c5
16.Nxc5 Nxc5 17.dxc5 Rc8 18.Rxa8 Bxa8 19.Qa4 Bxc5 20.Rc1 Bf8 21.Rxc8 Qxc8
22.Ne1 Bc6 23.Qa5 Qb7 24.f3 Qb8 25.e4 h6 26.Be3 Bd6 27.h3 Nd7 28.Nc2 Ne5
29.Nd4 Be8 30.Nb5 Nc6 31.Qb6 Bf4 32.Bf2 Qc8 33.Qc5 Qd8 34.Nd4 Nxd4 35.Qxd4 Qa5
36.Qc5 Qa4 37.Be1 Qa1 38.Qxb4  1/2-1/2

[Event "2nd Misr Closed"]
[Site "Ismailia EGY"]
[Date "2004.08.18"]
[Round "3"]
[White "Abdel Razik,K"]
[Black "Adly,A"]
[Result "1-0"]
[WhiteElo "2410"]
[BlackElo "2475"]

1.d4 d5 2.c4 e6 3.Nf3 Nf6 4.Nc3 c6 5.e3 Nbd7 6.Bd3 dxc4 7.Bxc4 b5 8.Bd3 a6
9.e4 b4 10.Na4 c5 11.O-O cxd4 12.e5 Nd5 13.Re1 Bb7 14.Nxd4 Nc5 15.Bc2 Rc8
16.Qg4 g6 17.Nxc5 Bxc5 18.Ba4+ Kf8 19.Bh6+ Kg8 20.Nxe6 Qe7 21.Nxc5 Rxc5 22.Rac1 Rc7
23.Rxc7 Nxc7 24.Rd1  1-0

[Event "Knjaz Milos Jezero Open"]
[Site "Belgrade SCG"]
[Date "2004.08.19"]
[Round "3"]
[White "Jovanovic,Dras"]
[Black "Stojanac,A"]
[Result "1-0"]
[WhiteElo "2240"]
[BlackElo "2059"]

1.d4 d5 2.c4 e6 3.Nc3 Nf6 4.Nf3 c6 5.e3 Bb4 6.Bd2 O-O 7.Bd3 dxc4 8.Bxc4 Nbd7
9.O-O Qe7 10.a3 Bd6 11.e4 e5 12.d5 Nb6 13.Qb3 Nxc4 14.Qxc4 cxd5 15.Nxd5 Nxd5
16.exd5 Bd7 17.Rfe1 Kh8 18.Bc3 f6 19.Nd2 Rac8 20.Qh4 g5 21.Qg3 Bf5 22.Qf3 Qd7
23.h4 g4 24.Qg3 Bb8 25.Rad1 Qxd5 26.Nf1 Qe6 27.Qe3 Kg7 28.Ng3 h6 29.Rd2 Bg6
30.Red1 Rf7 31.Rd5 Bc2 32.R1d2 Bb3 33.Rd6 Bxd6 34.Rxd6 Rxc3 35.bxc3 Qc8 36.Nh5+ Kg6
37.Qxe5 Bc2 38.Nxf6 Qf8 39.Nd7+ Qxd6 40.Qxd6+ Kh7 41.Nf6+  1-0

[Event "Open A"]
[Site "Riga LAT"]
[Date "2004.08.19"]
[Round "7"]
[White "Butnorius,A"]
[Black "Stefansson,H"]
[Result "0-1"]
[WhiteElo "2423"]
[BlackElo "2549"]

1.d4 Nf6 2.c4 e6 3.Nf3 d5 4.Nc3 c6 5.e3 Nbd7 6.Qc2 Bd6 7.Be2 O-O 8.O-O dxc4
9.Bxc4 a6 10.a4 c5 11.Rd1 cxd4 12.exd4 Qc7 13.Bb3 b6 14.h3 Bb7 15.Qe2 Rfe8
16.Be3 Bf4 17.Rac1 Qd6 18.Re1 Rac8 19.Ba2 h6 20.Rcd1 Bxe3 21.Qxe3 Qb4 22.Rd2 Bc6
23.Ne5 Nxe5 24.dxe5 Nd7 25.Rd4 Qxb2 26.Rg4 Kh8 27.Rb1 Qa3 28.Rbb4 f5 29.exf6 Nxf6
30.Rh4 Ba8 31.Rbc4 b5 32.axb5 axb5 33.Rxh6+ gxh6 34.Qxh6+ Nh7 35.Nb1 Qe7
36.Rg4 Rf8 37.Qxh7+ Qxh7  0-1

[Event "Open"]
[Site "Vladimir RUS"]
[Date "2004.08.19"]
[Round "2"]
[White "Tonoian,A"]
[Black "Pechnikov,A"]
[Result "1-0"]
[WhiteElo "2303"]
[BlackElo "2133"]

1.d4 d5 2.c4 c6 3.Nc3 Nf6 4.e3 e6 5.Nf3 Nbd7 6.Bd3 dxc4 7.Bxc4 b5 8.Bd3 a6
9.e4 c5 10.d5 c4 11.dxe6 fxe6 12.Bc2 Qc7 13.O-O Bb7 14.Nd4 Nc5 15.Be3 O-O-O
16.Qe2 e5 17.Nf3 Ncxe4 18.a4 Nxc3 19.bxc3 b4 20.cxb4 Bxb4 21.Bf5+ Kb8 22.Rab1 a5
23.Rfc1 c3 24.Ne1 Rhe8 25.Nc2 Qc6 26.f3 Nd5 27.Be4 Qxa4 28.Ra1 Qc6 29.Rcb1 Qd6
30.Nxb4 axb4 31.Bxd5 Qxd5 32.Rxb4 Qd3 33.Ba7+ Kc7 34.Bb6+ Kc6 35.Qe1 Rd5
36.Rc1 c2 37.Rb2 Kd6 38.Rbxc2 Ke6 39.Rc7 Rd7 40.Rxd7 Qxd7 41.Rc7 Qd5 42.Rxg7 Qc6
43.Be3 Qd5 44.h3 e4 45.Qh4 h5 46.f4 Qb3 47.f5+ Kd5 48.Qg5 Kc4 49.Rc7+ Kd3
50.Qg3 Bd5 51.Bg5+ e3 52.Kh2 Qa2 53.Rd7 Re5 54.f6 h4 55.Qf3  1-0

[Event "Knjaz Milos Jezero Open"]
[Site "Belgrade SCG"]
[Date "2004.08.20"]
[Round "4"]
[White "Brujic,B"]
[Black "Boric,T"]
[Result "1-0"]
[WhiteElo "2200"]
[BlackElo "2033"]

1.d4 d5 2.c4 c6 3.Nf3 Nf6 4.Nc3 e6 5.e3 Nbd7 6.a3 Be7 7.c5 Qc7 8.b4 e5 9.dxe5 Nxe5
10.Nd4 Bd7 11.Bb2 O-O 12.Be2 a5 13.Na4 axb4 14.axb4 b5 15.Nb6 Rxa1 16.Bxa1 Be6
17.h3 Ne4 18.Nxb5 Nxf2 19.Nxc7 Nxd1 20.Nxe6 fxe6 21.Kxd1 Ng6 22.Rf1 Rd8 23.Bh5 Bg5
24.Ke2 Nh4 25.Bf7+ Kh8 26.Bxe6 h5 27.Rf7 Bh6 28.Bd4 Nxg2 29.Rf6 Kh7 30.Bf5+ Kg8
31.Rxc6 Re8 32.Nxd5 Nh4 33.Be6+ Kf8 34.Nc7 Rd8 35.Bc4 Ke7 36.Re6+ Kd7 37.Be5 Nf5
38.c6+  1-0

[Event "Knjaz Milos Jezero Open"]
[Site "Belgrade SCG"]
[Date "2004.08.20"]
[Round "4"]
[White "Sahovic,D"]
[Black "Nikolic,Br"]
[Result "1/2-1/2"]
[WhiteElo "2281"]
[BlackElo "2144"]

1.d4 d5 2.c4 c6 3.Nf3 Nf6 4.Nc3 e6 5.e3 Nbd7 6.Qc2 Bd6 7.Bd2 O-O 8.O-O-O Qc7
9.e4 dxe4 10.Nxe4 Bf4 11.Nxf6+ Nxf6 12.g3 Bxd2+ 13.Rxd2 c5 14.Bg2 Rb8 15.Rhd1 b6
16.Ne5 Bb7 17.Bxb7 Rxb7 18.f4 cxd4 19.Rxd4 g6 20.Kb1 Rc8 21.g4 b5 22.g5 Nd5
23.Qd2 bxc4 24.Rxc4 Qd8 25.Rdc1 Rbc7 26.Rxc7 Rxc7 27.Rxc7 Qxc7 28.Qd4 Qa5
29.a3 Qe1+ 30.Ka2 Qf1 31.Qxa7 Qxf4 32.Qb8+ Kg7 33.Nd7 Qc4+  1/2-1/2

[Event "Open"]
[Site "Vladimir RUS"]
[Date "2004.08.21"]
[Round "4"]
[White "Belenov,D"]
[Black "Kutepov,A"]
[Result "0-1"]
[WhiteElo "2383"]
[BlackElo "2083"]

1.d4 d5 2.c4 e6 3.Nc3 Nf6 4.Nf3 c6 5.e3 Ne4 6.Bd3 f5 7.Ne5 Qh4 8.O-O Bd6
9.Bxe4 fxe4 10.f4 O-O 11.Qg4 Qxg4 12.Nxg4 Nd7 13.c5 Bc7 14.b4 h5 15.Ne5 Nxe5
16.fxe5 Rxf1+ 17.Kxf1 b6 18.Rb1 bxc5 19.bxc5 Ba6+ 20.Kf2 h4 21.Bd2 Bd3 22.Ra1 g5
23.h3 Rb8 24.Na4 Kg7 25.Kg1 Kg6 26.Bc3 g4 27.hxg4 Kg5 28.Rc1 Kxg4 29.Nb2 Ba6
30.Nd1 Bd8 31.Nf2+ Kh5 32.Nh3 Bg5 33.Nxg5 Kxg5 34.Rc2 Kg4 35.Rf2 Kg3 36.Bb2 Bc4
37.a3 Rb3 38.Bc1 Rb1 39.Rc2 Bd3 40.Rc3 a6 41.Kh1 Ra1 42.a4 a5 43.Kg1 Ra2
44.Ba3 Rxg2+ 45.Kh1 Rh2+ 46.Kg1 Ra2 47.Bc1 Rf2  0-1

[Event "Open"]
[Site "Vladimir RUS"]
[Date "2004.08.21"]
[Round "4"]
[White "Tsybulnik,A"]
[Black "Tomilova,E"]
[Result "0-1"]
[WhiteElo "2222"]
[BlackElo "2252"]

1.d4 d5 2.c4 c6 3.e3 Nf6 4.Nc3 e6 5.Nf3 Nbd7 6.Qc2 Bd6 7.b3 O-O 8.Be2 b6
9.O-O dxc4 10.bxc4 c5 11.d5 exd5 12.cxd5 Re8 13.Bb2 a6 14.a4 Qe7 15.Rfd1 Ne5
16.Nxe5 Qxe5 17.g3 Ng4 18.Nb5 Nxe3 19.Qb1 Qe7 20.Re1 Nf5 21.Bc3 Qd8 22.Nxd6 Nxd6
23.Qb2 f6 24.h4 Bf5 25.h5 h6 26.Bf3 Ne4 27.g4 Bh7 28.Qb3 Qd6 29.Bb2 Kh8 30.Rad1 Ng5
31.Rxe8+ Rxe8 32.Bg2 Re2 33.Bc1 Bc2  0-1

[Event "Knjaz Milos Jezero Open"]
[Site "Belgrade SCG"]
[Date "2004.08.22"]
[Round "6"]
[White "Nestorovic,De"]
[Black "Miljkovic,Mir"]
[Result "0-1"]
[WhiteElo "2389"]
[BlackElo "2406"]

1.d4 d5 2.c4 c6 3.e3 Nf6 4.Nf3 e6 5.Nc3 Nbd7 6.Bd3 dxc4 7.Bxc4 b5 8.Bd3 Bd6
9.Bd2 a6 10.Ne4 Nxe4 11.Bxe4 Bb7 12.b4 Qe7 13.Rb1 O-O 14.O-O f5 15.Bd3 e5
16.Nxe5 Nxe5 17.dxe5 Qxe5 18.f4 Qd5 19.Qb3 c5 20.Qxd5+ Bxd5 21.a3 Be4 22.Bxe4 fxe4
23.Rfd1 Rfd8 24.Bc3 Be7 25.Kf2 c4 26.Ke2 Rd3 27.Rxd3 cxd3+ 28.Kd2 Rc8 29.Rc1 h5
30.g3 a5 31.bxa5 Bxa3 32.Rb1 b4 33.Bxb4 Rc2+ 34.Kd1 Rxh2 35.a6 Rh1+ 36.Be1 Bc5
37.Kd2 Rh2+ 38.Kc3 Rc2+ 39.Kb3 Bxe3 40.Ra1 Ba7  0-1

[Event "Open A"]
[Site "Bratto ITA"]
[Date "2004.08.22"]
[Round "3"]
[White "Campanile,R"]
[Black "Zimina,O"]
[Result "0-1"]
[WhiteElo "2183"]
[BlackElo "2430"]

1.d4 d5 2.Nf3 c6 3.c4 e6 4.e3 Nf6 5.Nc3 Nbd7 6.Qc2 b6 7.Bd3 Bb7 8.O-O Be7
9.b3 O-O 10.Bb2 Qc7 11.Rac1 Rad8 12.e4 dxe4 13.Nxe4 Nxe4 14.Bxe4 Nf6 15.Bd3 c5
16.d5 exd5 17.Bxf6 Bxf6 18.Bxh7+ Kh8 19.Qf5 Rfe8 20.Rfe1 Bb2 21.Rcd1 g6 22.Rxe8+ Rxe8
23.Qh3 Bc8 24.g4 Kg7 25.cxd5 Qf4 26.d6 Bxg4 27.d7 Bxh3  0-1

[Event "Open A"]
[Site "Bratto ITA"]
[Date "2004.08.22"]
[Round "3"]
[White "Epishin,V"]
[Black "Navarro,S"]
[Result "1-0"]
[WhiteElo "2635"]
[BlackElo "2117"]

1.d4 d5 2.c4 e6 3.Nc3 c6 4.e3 Nf6 5.Nf3 Nbd7 6.Be2 Bd6 7.O-O O-O 8.a4 a5
9.Qc2 Re8 10.Rd1 Qe7 11.b3 b6 12.Bb2 Bb7 13.Rac1 Rac8 14.Qb1 c5 15.cxd5 exd5
16.Bb5 Red8 17.Ne2 Ne4 18.Ng3 Nxg3 19.hxg3 Nf6 20.Qf5 Ne4 21.Qg4 Qf6 22.Bd3 Qg6
23.Qh4 f6 24.Nd2 f5 25.Nf3 Re8 26.Bb5 Red8 27.dxc5 bxc5 28.Ne5 Qe6 29.Nd3 Be7
30.Qh5 g6 31.Nf4 Qf7 32.Qe2 Bf6 33.Bxf6 Qxf6 34.g4 Rd6 35.gxf5 Qxf5 36.Bd3 Qe5
37.Qg4 Nf6 38.Qg3 Qe7 39.Bxg6 hxg6 40.Nxg6 Qd8 41.Ne7+ Kf8 42.Nxc8 Bxc8 43.Rxc5 Bb7
44.Qf4 Qb8 45.Rb5  1-0

[Event "Paks Cup IM"]
[Site "Paks HUN"]
[Date "2004.08.22"]
[Round "2"]
[White "Macsik,T"]
[Black "Martic,Z"]
[Result "0-1"]
[WhiteElo "2294"]
[BlackElo "2281"]

1.d4 d5 2.Nf3 c6 3.e3 Nf6 4.c4 e6 5.Nc3 a6 6.b3 b5 7.cxb5 cxb5 8.Bd3 Bb7
9.Bb2 Nbd7 10.O-O Bd6 11.Ne2 O-O 12.Ng3 Ne4 13.Rc1 f5 14.Ne5 Rf6 15.f4 Rh6
16.Nxd7 Qxd7 17.Bxe4 dxe4 18.Ne2 b4 19.Ra1 Qe7 20.Rf2 Bd5 21.g3 Kf7 22.Kh1 Rg8
23.Rg2 g5 24.Qf1 Rhg6 25.Rc1 h5 26.Qf2 g4 27.Rc2 Rh6 28.Qe1 h4 29.Kg1 Rgh8
30.Qc1 Qb7 31.gxh4 Rxh4 32.Ng3 a5 33.Nf1 Qb5 34.Rc8 Rh3 35.Rxh8 Rxh8 36.Rc2 Rh3
37.Qd2 a4 38.bxa4 Qxa4 39.Bc1 Qb5 40.Rc8 Qa6 41.Qc2 Qxa2 42.Qxa2 Bxa2 43.Rc6 Ke7
44.Rb6 Bd5 45.Bd2 b3 46.Bb4 Bxb4 47.Rxb4 Rh8 48.Nd2 Rc8 49.Kf2 Rc1 50.Ke2 Ra1
51.Rb8 Kd6 52.Rb6+ Kc7 53.Rb4 Ra8 54.Nxb3 Bxb3 55.Rxb3 Ra2+ 56.Kf1 Rxh2 57.Kg1 Rd2
58.Rc3+ Kd6 59.Ra3 Rd3 60.Ra6+ Ke7 61.Kf2 Rd2+ 62.Kg3 Re2 63.Ra3 Kf6 64.Rc3 Rd2
65.Rc8 Rd3 66.Kf2 g3+ 67.Ke2 Ra3 68.Rg8 Ra2+ 69.Ke1 g2 70.Rg3 Ke7 71.Rg8 Kd7
72.Rg3 Kc6 73.Rg6 Kd5 74.Rg8 Kc4  0-1

[Event "Open A"]
[Site "Bratto ITA"]
[Date "2004.08.23"]
[Round "4"]
[White "Salvador,R"]
[Black "Khenkin,I"]
[Result "0-1"]
[WhiteElo "2178"]
[BlackElo "2573"]

1.d4 d5 2.Nf3 Nf6 3.c4 e6 4.Nc3 c6 5.e3 Nbd7 6.Qc2 Bd6 7.g4 dxc4 8.Bxc4 e5
9.g5 Nd5 10.dxe5 Nxe5 11.Nxe5 Bxe5 12.Qe4 Qxg5 13.f4 Nxc3 14.bxc3 Qh4+ 15.Kd1 f6
16.Bd3 Qh5+ 17.Kc2 Be6 18.c4 O-O-O 19.fxe5 Rxd3 20.Qxd3 Rd8 21.Qf1 Qxe5 22.Bb2 Qe4+
23.Kc3 Qxe3+ 24.Kc2 Rd2+ 25.Kb1 Qe4+  0-1

[Event "ch-CAN"]
[Site "Toronto CAN"]
[Date "2004.08.23"]
[Round "4"]
[White "Hamilton,R"]
[Black "Dougherty,M"]
[Result "1-0"]
[WhiteElo "2349"]
[BlackElo "2229"]

1.d4 d5 2.c4 e6 3.Nc3 c6 4.e3 Nf6 5.Nf3 Nbd7 6.Bd3 dxc4 7.Bxc4 b5 8.Bd3 Bb7
9.e4 b4 10.Ne2 c5 11.Ng3 cxd4 12.e5 Nd5 13.Qe2 Qb6 14.O-O Be7 15.Re1 O-O-O
16.Ne4 f6 17.exf6 gxf6 18.Ng3 e5 19.Bh6 Nc5 20.Bc4 Kb8 21.Nxd4 Bf8 22.Bxd5 Bxh6
23.Bxb7 Rxd4 24.Be4 Bf4 25.Rad1 Rhd8 26.Bxh7 Ne6 27.Nf1 Rh8 28.Be4 Rxd1 29.Rxd1 Nd4
30.Qg4 Rd8 31.g3 Qb5 32.Kg2 f5 33.Bxf5 Qd5+ 34.f3 Rg8 35.Rxd4  1-0

[Event "Open"]
[Site "Vladimir RUS"]
[Date "2004.08.23"]
[Round "6"]
[White "Kachar,V"]
[Black "Schepetkova,M"]
[Result "1/2-1/2"]
[WhiteElo "2367"]
[BlackElo "2112"]

1.Nf3 Nf6 2.c4 c6 3.Nc3 d5 4.e3 e6 5.d4 Nbd7 6.Qc2 Bd6 7.Bd3 O-O 8.O-O dxc4
9.Bxc4 a6 10.Be2 c5 11.dxc5 Nxc5 12.b4 Ncd7 13.Qb3 a5 14.b5 Nc5 15.Qc4 b6
16.Qh4 Bb7 17.Bb2 Qe7 18.Nd4 Rfd8 19.Rfd1 Nd5 20.Qxe7 Nxe7 21.Rac1 Kf8 22.Bf3 Bxf3
23.gxf3 Rac8 24.Ne4 Nxe4 25.fxe4 Ke8 26.Rxc8 Nxc8 27.Rc1 Bc5 28.Nb3 Bf8 29.a4 Nd6
30.Bd4 Rc8 31.Bxb6 Rxc1+ 32.Nxc1 Nc4 33.Bd4 e5 34.Bc3 Nb6 35.Bxe5 Nxa4 36.Nb3 f6
37.Bc7 Nc3 38.b6 Kd7 39.Nxa5 Nxe4 40.f3 Nd2 41.Kf2 Bb4 42.Bf4 Bxa5 43.b7 Bc7
44.b8=Q Bxb8 45.Bxb8 Ke6 46.Ke2 Nc4 47.Ba7 g6 48.Bd4 f5 49.Bg7 Kf7 50.Bh6 Ke6
51.Bf4 Ne5 52.h4 Kd5 53.Bg5 Nf7 54.Kf2 Ke6 55.Bf4 Kd5 56.Kg3 Ne5 57.Bh6 Nd3
58.Bg7 h5 59.Kg2 Ne1+ 60.Kf2 Nd3+ 61.Ke2 Ne5 62.Bxe5 Kxe5 63.Kd3 Kd5 64.f4 Kc5  1/2-1/2

[Event "Knjaz Milos Jezero Open"]
[Site "Belgrade SCG"]
[Date "2004.08.24"]
[Round "8"]
[White "Brujic,B"]
[Black "Nikolic,Br"]
[Result "1-0"]
[WhiteElo "2200"]
[BlackElo "2144"]

1.d4 d5 2.c4 c6 3.Nf3 Nf6 4.Nc3 e6 5.e3 Nbd7 6.cxd5 exd5 7.Bd3 Bd6 8.Qc2 Qc7
9.Bd2 Nb6 10.b3 Bg4 11.h3 Bd7 12.a4 a5 13.O-O O-O 14.Rac1 Qb8 15.Ne2 Re8
16.Ne5 Bxe5 17.dxe5 Qxe5 18.Bc3 Qd6 19.Bxf6 Qxf6 20.Bxh7+ Kh8 21.Bd3 Nc8
22.Ng3 Nd6 23.Rcd1 g6 24.Rfe1 b6 25.Qd2 Kg7 26.e4 dxe4 27.Bxe4 Re6 28.Re3 Be8
29.Bxc6  1-0

[Event "73rd ch-UKR"]
[Site "Kharkiv UKR"]
[Date "2004.08.24"]
[Round "1.1"]
[White "Drozdovskij,Y"]
[Black "Malakhatko,V"]
[Result "0-1"]
[WhiteElo "2506"]
[BlackElo "2555"]

1.d4 d5 2.c4 c6 3.e3 Nf6 4.Nc3 e6 5.Nf3 a6 6.Qc2 c5 7.cxd5 exd5 8.dxc5 Bxc5
9.Ne2 Bd6 10.Ned4 O-O 11.Be2 Re8 12.O-O Bd7 13.b3 Nc6 14.Bb2 Nb4 15.Qb1 Ne4
16.a3 Nc6 17.Nxc6 bxc6 18.Qc2 a5 19.Nd2 Nxd2 20.Qxd2 Qb8 21.g3 Qxb3 22.Bc3 Qb6
23.Rfb1 Qc7 24.a4 Be5 25.Ra2 Bxc3 26.Qxc3 Reb8 27.Rab2 Rxb2 28.Rxb2 Bh3 29.Rb5 Qd8
30.Rc5 Bd7 31.h4 Qb6 32.Bd3 Qb4 33.Qd4 Qxd4 34.exd4 Kf8 35.Kg2 h6 36.Kf3 Ke7
37.Ke3 Kd6 38.Kd2 g5 39.hxg5 hxg5 40.Bc2 Kc7 41.Bd1 Be6 42.Bc2 Kb6 43.Rc3 Rh8
44.Rb3+ Kc7 45.Rc3 Rh2 46.Ke3 Rh1 47.Kd2 Rf1 48.Ke2 Ra1 49.Kd2 Bg4 50.f3 Be6
51.g4 Rh1 52.Rc5 Kb6 53.Rc3 Rh2+ 54.Ke3 Bc8 55.Bd1 Ba6 56.Rc2 Rh1 57.Rb2+ Kc7
58.Kd2 Bc4 59.Rb1 Rh2+ 60.Kc3 Ra2 61.Bc2 Ra3+ 62.Kd2 Rxf3 63.Rh1 Rf4 64.Bf5 Rxd4+
65.Kc3 Rf4 66.Rh7 Kd6 67.Rxf7 Rf3+ 68.Kd2 Bb3 69.Ra7 Bxa4 70.Rxa5 Bb5 71.Ra8 Ke5
72.Rg8 Kd4 73.Bd7 Rf2+ 74.Ke1 Re2+ 75.Kd1 Re7 76.Bf5 Kc3 77.Ra8 Be2+ 78.Kc1 Bc4
79.Ra3+ Bb3 80.Bc2 Re1+  0-1

[Event "XVI Open"]
[Site "Porto San Giorgio ITA"]
[Date "2004.08.24"]
[Round "4"]
[White "Schaefer,Mi1"]
[Black "Manganelli,G"]
[Result "1/2-1/2"]
[WhiteElo "2180"]
[BlackElo "2035"]

1.d4 d5 2.c4 c6 3.Nc3 Nf6 4.e3 e6 5.Nf3 Nbd7 6.Bd3 dxc4 7.Bxc4 b5 8.Bd3 Bd6
9.O-O O-O 10.Bd2 Bb7 11.Rc1 Rc8 12.a3 a6 13.b4 Qe7 14.Ne2 e5 15.Bf5 e4 16.Ne1 Rce8  1/2-1/2

[Event "54th ch-HUN"]
[Site "Budapest HUN"]
[Date "2004.08.25"]
[Round "7"]
[White "Horvath,Cs1"]
[Black "Ruck,R"]
[Result "1/2-1/2"]
[WhiteElo "2546"]
[BlackElo "2575"]

1.d4 d5 2.c4 c6 3.Nc3 Nf6 4.e3 e6 5.Nf3 Nbd7 6.Qc2 Bd6 7.Bd3 O-O 8.O-O dxc4
9.Bxc4 b5 10.Be2 Re8 11.Ng5 Qc7 12.f4 b4 13.Nce4 h6 14.Nxd6 Qxd6 15.Nf3 c5
16.Rd1 Bb7 17.dxc5 Qxc5 18.Qxc5 Nxc5 19.Bd2 a5 20.Rac1 Rec8 21.Ne5 Bd5  1/2-1/2

[Event "I Fincas Mediterranea"]
[Site "Castelldefels ESP"]
[Date "2004.08.25"]
[Round "8"]
[White "Lamas,P"]
[Black "Panelo,M"]
[Result "0-1"]
[WhiteElo "2180"]
[BlackElo "2410"]

1.Nf3 Nf6 2.c4 e6 3.Nc3 d5 4.e3 c6 5.d4 Nbd7 6.Bd3 dxc4 7.Bxc4 b5 8.Bd3 Bb7
9.O-O b4 10.Na4 c5 11.Qe2 cxd4 12.Nxd4 e5 13.Nf5 e4 14.Ba6 Bc6 15.b3 Qa5
16.Ng3 Bd6 17.Bb2 O-O 18.Rfd1 Be5 19.Rac1 Bxa4 20.bxa4 Bxb2  0-1

[Event "I Fincas Mediterranea"]
[Site "Castelldefels ESP"]
[Date "2004.08.26"]
[Round "9"]
[White "Colom Andres,X"]
[Black "Gonzalez Valenzuela,D"]
[Result "0-1"]
[WhiteElo "2016"]
[BlackElo "2045"]

1.d4 Nf6 2.c4 e6 3.Nf3 d5 4.Nc3 c6 5.e3 Be7 6.Bd3 Nbd7 7.O-O O-O 8.e4 dxe4
9.Nxe4 Nxe4 10.Bxe4 Nf6 11.Bc2 c5 12.Bg5 cxd4 13.Qd3 g6 14.Ne5 Nd7 15.Bxe7 Nxe5
16.Qa3 Nxc4 17.Qc5 b6 18.Qg5 f6 19.Bxd8 fxg5 20.Be4 Bb7 21.Bxb7 Raxd8 22.b3 Nd6
23.Ba6 Rfe8 24.Rac1 Re7 25.h3 e5 26.f3 Nf5 27.Bd3 Kg7 28.Kf2 Ne3 29.Rfe1 Nd5
30.a3 Nf4 31.Be4 Ne6 32.b4 Rc7 33.Rxc7+ Nxc7 34.Rc1 Rd7 35.a4 Na6 36.Rc4 Rc7
37.Rxc7+ Nxc7 38.a5 bxa5 39.bxa5 Kf6 40.Ke2 Ne6 41.g3 Nc5 42.Bb1 Nb3 43.Kd3 Nxa5
44.Ba2 Nc6 45.Kc4 Ne7 46.g4 Nc6 47.Kc5 Nd8 48.Bd5 Ne6+ 49.Kc4 Nf4 50.Be4 Nxh3  0-1

[Event "73rd ch-UKR"]
[Site "Kharkiv UKR"]
[Date "2004.08.26"]
[Round "2.1"]
[White "Kuzubov,Y"]
[Black "Goloshchapov,A"]
[Result "1/2-1/2"]
[WhiteElo "2467"]
[BlackElo "2577"]

1.d4 d5 2.c4 e6 3.Nf3 Nf6 4.Nc3 c6 5.e3 Nbd7 6.Qc2 Bd6 7.Bd3 O-O 8.O-O dxc4
9.Bxc4 b5 10.Be2 Bb7 11.e4 e5 12.a3 Re8 13.Bg5 h6 14.Bh4 exd4 15.Nxd4 Qc7
16.Bg3 Bxg3 17.hxg3 a6 18.Nf5 c5 19.Bf3 Ne5 20.Rad1 Rad8 21.Rxd8 Rxd8 22.Rd1 g6
23.Ne3 Rd4 24.Be2 Rxd1+ 25.Bxd1 Qd6 26.a4 bxa4 27.Ncd5 c4 28.Nxf6+ Qxf6 29.Nxc4 Nxc4
30.Qxc4 Qxb2 31.Qxa4 Qb1 32.f3 Qb6+ 33.Kh2 Bc6 34.Qa2 Bb5 35.Bb3 Qc7 36.e5 Qxe5
37.Bxf7+ Kg7 38.Bb3 g5 39.Qf2 Qd6  1/2-1/2

[Event "XVI Open"]
[Site "Porto San Giorgio ITA"]
[Date "2004.08.27"]
[Round "7"]
[White "Kohlweyer,B"]
[Black "Burmakin,V"]
[Result "1/2-1/2"]
[WhiteElo "2411"]
[BlackElo "2551"]

1.d4 c6 2.c4 d5 3.Nc3 Nf6 4.e3 e6 5.Nf3 Nbd7 6.Bd2 Bd6 7.Bd3 dxc4 8.Bxc4 O-O
9.O-O e5 10.Bb3 Qe7 11.Qc2 e4 12.Ng5 Bxh2+ 13.Kxh2 Ng4+ 14.Kg1 Qxg5 15.Qxe4 Nb6
16.f3 Bf5 17.Qf4 Qxf4 18.exf4 Nf6 19.Rfe1 Rad8 20.g4 Bc8 21.f5 h5 22.g5 Nfd5
23.f6 Kh7 24.Re5 Rfe8 25.Rae1 Rxe5 26.Rxe5 Be6 27.g6+ Kh8 28.Nxd5 cxd5 29.Rxe6 fxe6
30.f7 Nd7 31.Bb4 a6 32.a4 b6 33.f4 Rc8 34.f5 Rc1+ 35.Kg2 Rc6 36.f8=Q+ Nxf8
37.Bxf8 exf5 38.Bxd5 Rxg6+ 39.Kf3  1/2-1/2